000 00411nam a2200181Ia 4500
001 2782
005 20260306144832.0
008 260306t2009||||xx |||||||||||||| ||spa||
041 _aESP
082 _a230
_bI99
100 _aIzquierdo, César
_eAUT
245 0 _aTeología fundamental
260 _c2009
300 _a577 páginas :
_c23 cm.
650 _aGEN
654 _aCHU
942 _cLIB
_dJUS
_fJUS
_2ddc
_n
999 _c2782
_d2782